NBA Playoffs Top 100 All-Time: Free Throw Percentage - Statistics

General Stats
  • This quiz has been taken 53 times
    5 since last reset
  • The average score is 42 of 100
Answer Stats
# Player FT% % Correct
13 Damian Lillard 89.35%
100%
15 Dirk Nowitzki 89.20%
100%
7 Jamal Murray 90.43%
100%
39 James Harden 86.91%
100%
40 Kevin Durant 86.81%
100%
73 Klay Thompson 84.55%
100%
24 Kyrie Irving 88.34%
100%
16 Larry Bird 89.03%
100%
69 Larry Brown 84.81%
100%
2 Mark Price 94.39%
100%
23 Ray Allen 88.35%
100%
14 Reggie Miller 89.33%
100%
37 Rick Barry 86.96%
100%
43 Ricky Pierce 86.63%
100%
19 Stephen Curry 88.90%
100%
T8 Steve Nash 90.00%
100%
99 Adrian Smith 83.22%
75%
88 Caron Butler 83.77%
75%
26 Chauncey Billups 88.00%
75%
32 Chuck Williams 87.22%
75%
70 Delonte West 84.75%
75%
48 Eddie Johnson 86.40%
75%
81 Jayson Tatum 84.12%
75%
72 Kenny Smith 84.67%
75%
96 Kevin Johnson 83.31%
75%
44 Khris Middleton 86.62%
75%
12 Kyle Korver 89.51%
75%
87 Magic Johnson 83.83%
75%
56 Steve Smith 85.79%
75%
84 Anthony Davis 83.96%
50%
49 Antonio Daniels 86.30%
50%
3 Calvin Murphy 93.22%
50%
63 Chris Paul 85.37%
50%
76 Derrick Rose 84.45%
50%
62 Derrick White 85.40%
50%
10 Devin Booker 89.93%
50%
65 Freddie Lewis 85.23%
50%
1 Gordon Hayward 94.96%
50%
80 Isaiah Thomas 84.21%
50%
46 Jamal Crawford 86.48%
50%
68 Jeff Malone 85.20%
50%
29 J.J. Redick 87.95%
50%
91 John Havlicek 83.56%
50%
100 Karl-Anthony Towns 83.15%
50%
T8 Peja Stojaković 90.00%
50%
18 Reggie Jackson 88.98%
50%
30 Tobias Harris 87.74%
50%
64 Trae Young 85.24%
50%
34 Tyrese Maxey 87.02%
50%
25 Wally Szczerbiak 88.24%
50%
T51 Alex English 86.21%
25%
83 Ben Gordon 83.98%
25%
4 Bill Sharman 91.13%
25%
T97 B.J. Armstrong 83.24%
25%
35 Cazzie Russell 87.01%
25%
55 Chris Mullin 85.92%
25%
11 Danilo Gallinari 89.71%
25%
67 DeMar DeRozan 85.21%
25%
86 Eric Gordon 83.83%
25%
74 Glen Rice 84.50%
25%
59 Joe Dumars 85.50%
25%
82 Kawhi Leonard 84.07%
25%
41 Kemba Walker 86.81%
25%
58 Kevin Love 85.54%
25%
90 Mario Elie 83.62%
25%
60 Oscar Robertson 85.50%
25%
53 Richard Hamilton 85.99%
25%
38 Rolando Blackman 86.94%
25%
71 Sam Cassell 84.68%
25%
54 Shai Gilgeous-Alexander 85.92%
25%
31 Travis Best 87.50%
25%
45 Al Cervi 86.57%
0%
22 Allan Houston 88.45%
0%
50 Allen Leavell 86.26%
0%
T77 Austin Croshere 84.44%
0%
33 Bill Keller 87.06%
0%
89 Billy Knight 83.72%
0%
28 Bobby Wanzer 87.97%
0%
17 Brandon Bass 89.02%
0%
36 Darel Carrier 87.00%
0%
92 Dave Gambee 83.44%
0%
T97 Doug Christie 83.24%
0%
79 Gene Shue 84.24%
0%
6 Hersey Hawkins 90.68%
0%
T51 Jay Vincent 86.21%
0%
21 Jeff Hornacek 88.57%
0%
61 Jeff Teague 85.45%
0%
57 Kelly Tripucka 85.59%
0%
5 Kiki Vandeweghe 90.73%
0%
66 Larry Costello 85.22%
0%
94 Larry Siegfried 83.39%
0%
T77 Mack Calvin 84.44%
0%
42 Michael Finley 86.64%
0%
75 Phil Chenier 84.46%
0%
85 Rick Mount 83.92%
0%
27 Ron Boone 87.97%
0%
47 Steve Mix 86.44%
0%
93 Thurl Bailey 83.40%
0%
20 Vince Boryla 88.89%
0%
95 Yao Ming 83.33%
0%
No matching quizzes found
Score Distribution
Percent of People with Each Score
Percentile by Number Answered
Your Score History
You have not taken this quiz since the last reset